00792nam a2200181 a 450000100100000000500170001000800410002704000250006808200150009310000340010824500920014226000480023430000200028250000780030250000990038095201140047999900170059300003657320200930075815.0120120s1970 sp 000 0 spa d aDO-SdBNPbspacBNPHU axxxbS679m1 aSoderlind, Sterling E.96284210aMarketing agresivo :bgolpes maestros en política comercial /cSterling E. Soderlind. aBarcelona :bEditorial Luis Miracle,c1970. a223 p ;c23 cm. atítulo de la edición original norteamericana, publicada por Dow Jones aCon un apéndice sobre introducción a la práctica del marketing por Jaime Vicens Carrió 0010507-18MOaGRbGRcOId2012-01-20iLF1l0oxxx S679mp36573-10r2020-06-25w2020-06-25y1ZNo se presta c36064d36064